| 000 | 00715 a2200205 4500 | ||
|---|---|---|---|
| 010 | _aENG-88723 | ||
| 020 |
_a8189973037 _c590.00 |
||
| 035 | _aEN-72256 | ||
| 037 | _bDBAD / PUB | ||
| 082 | 1 | 4 | _a330.954 |
| 090 |
_c9218 _d9218 |
||
| 100 | _aPandey, S. N. | ||
| 245 | 1 |
_aEconomic history of modern India (1757 to 1947)/ _cby S. N. Pandey |
|
| 260 |
_aNew Delhi _bReadworthy Publications _c2008 |
||
| 270 |
_aA-18, Mohan Garden, Near Nawada Metro Staion _bNew Delhi _e110059 _minfo@readworthypub.com |
||
| 300 |
_aviii, 222 p. _c23 cm. (Hb) |
||
| 500 | _aIncludes index | ||
| 942 |
_adpl _cEN _k330.954 / PAN |
||
| 999 |
_c9051 _d9051 |
||